000 00297cam a2200109ua 4500
082 _a823.308
_bTRO/BA
100 _aTrollope, Anthony.
_91834
245 _aBarchester Towers, Vol - 1 /
260 _aLondon :
_bGeoffrey Cambridge Oxford Universities Press ,
_c1953.
300 _a282 ; .
942 _cBK
999 _c5070
_d5070